Loading...

ECOLOGICAL CRISIS AND MANAGEMENT

Bibliographic Details
Main Author: ARVIND KUMAR
Format: Printed Book
Language:English
LEADER 00342nam a22000977a 4500
008 140108b xxu||||| |||| 00| 0 eng d
050 |a 577 ARV 
100 |c ARVIND KUMAR 
245 |a ECOLOGICAL CRISIS AND MANAGEMENT 
999 |c 26281  |d 26281 
952 |0 0  |1 0  |2 ddc  |4 0  |6 577_000000000000000_ARV  |7 0  |9 28776  |a ES  |b ES  |d 2014-01-08  |l 0  |o 577 ARV  |p ES1084  |r 2014-01-08  |w 2014-01-08  |y BK